00559nam a22001697a 450000500170000001000150001702000270003203500140005903700130007308200130008624501080009926000410020727000790024830000270032770000170035470000180037120220323143500.0 aENG-132078 a9789386618948c1195.00 aEN-115610 bDBAD/PUB a954.0531 aSurprise, Strategy and 'Vijay':b20 Years of Kargil and Beyond/cEdited by VK Ahlualia and Narjit Singh aNew Delhi bPentagon Press Llpc2019 a206, Peacock Lane, Shahpur Jat'bNew Delhie110049mrajan@pentagonpress.in a310pbIndexc23cm(hbk) aAhlualia, Vk aSingh, Narjit